Regioni Italiane Senza Sbocco sul Mare - Statistics

Statistiche generali
  • Questo quiz è stato fatto 94 volte
  • Il punteggio medio è 5 su 5
Statistiche sulle risposte
Regione % Corretto
Valle d'Aosta
99%
Lombardia
98%
Piemonte
98%
Umbria
98%
Trentino-Alto Adige
97%
Nessun quiz corrispondente trovato
Distribuzione punteggi
Percentuale di utenti per punteggio
Percentile per numero di risposta
I tuoi punteggi nel tempo
Non hai fatto questo quiz